000 00381nam a2200157Ia 4500
008 100122s9999 xx 000 0 und d
082 _b53157
_aB823.08
100 _aANANDA P L
245 _aMUMMY TELL ME A STORY
250 _a0
260 _bSUBHASH PUBLISHERS
_c1992
300 _a58
630 _aMUMMY TELL ME A STORY
730 _aMUMMY TELL ME A STORY
942 _cBOOK
999 _c376017
_d376014